| 000 | 00403nam a2200157Ia 4500 | ||
|---|---|---|---|
| 005 | 20250424120259.0 | ||
| 008 | 250424s9999 xx 000 0 und d | ||
| 022 | _aKP 60 .A5/ | ||
| 050 | _aJournal of islamic law (HUJIL) | ||
| 245 | 0 | _aIlorin, Nigeria | |
| 260 | _aUnilorin press | ||
| 260 | _b2017 | ||
| 260 | _c295 p. ; 22 cm. | ||
| 300 | _aInheritance and succession (Islamic law) | ||
| 650 | _aSR | ||
| 999 |
_c38419 _d38419 |
||